LIBRARY & INFORMATION CENTRE, KCAET, TAVANUR

ONLINE PUBLIC ACCESS CATALOGUE (OPAC)

Text book of irrigation engineering :irrigation and drainage vol-1 / (Record no. 7411)

MARC details
000 -LEADER
fixed length control field 00597cam a2200217ua 4500
020 ## - INTERNATIONAL STANDARD BOOK NUMBER
ISBN 81 204 0507 2
041 ## - LANGUAGE CODE
Language code of text/sound track or separate title eng
082 ## - DEWEY DECIMAL CLASSIFICATION NUMBER
Classification number 631.587
Item number SHA/TE
100 ## - MAIN ENTRY--AUTHOR NAME
Personal name Sharma, R K .
245 ## - TITLE STATEMENT
Title Text book of irrigation engineering :irrigation and drainage vol-1 /
250 ## - EDITION STATEMENT
Edition statement 1 /
260 ## - PUBLICATION, DISTRIBUTION, ETC. (IMPRINT)
Place of publication New Delhi :
Name of publisher Oxford & IBH Publishing company ,
Year of publication 1993.
300 ## - PHYSICAL DESCRIPTION
Number of Pages 333 ; .
700 1# - ADDED ENTRY--PERSONAL NAME
Personal name Sharma, T K .
942 ## - ADDED ENTRY ELEMENTS (KOHA)
Koha item type Books
Holdings
Withdrawn status Lost status Damaged status Home library Current library Date acquired Full call number Accession Number Koha item type Shelving location
      KAUAET KAUAET 07/04/2012 631.587 20021 Books  
      KAUAET KAUAET 07/04/2012 631.587 19583 Book Bank scheme for SC students Scheme
      KAUAET KAUAET 07/04/2012 631.587 19583 A Book Bank scheme for SC students Scheme
free website counter